=LDR 00000nam 2200000 4500 =001 INLIS000000000000504 =005 20150317141501.0 =006 =007 =008 Ind =035 ##$$0010-061300000000504 =041 ##$$a Ind =082 ##$$a 738.1 =090 ##$$a 738.1 Sur k =100 ##$$a Surasdi =245 ##$$a Kerajinan keramik tanah liat sistem cetak untuk SMP kelas 3 semester v kurikulum SMP yang disempurnakan GBPP 1987 / Surasdi; Sutarno AP =260 ##$$a Solo $b Tiga Serangkai $c 1989 =300 ##$$a 80 hlm. : ilus. ; 21 cm =650 ##$$a Keramik =700 ##$$a Sutarno AP =850 ##$$a NBPNMAT